01467nam a2200325 a 4500001001000000003000900010005001700019007000300036008004100039020001800080040003000098041000800128082001900136100004200155245009700197264004900294300005500343336002700398337003300425338002800458590002700486700005900513910000700572942001400579952011900593952011300712952011900825952018000944999001701124000047497DO-SdBNP20250122124137.0ta180703s2018 dr ab 000 0 spa d a9789945090673 aDO-SdBNPbspacBNPHUerda hspa axxxbG216m2221 aGarcía Michel, Eduardoeautor9928110aMoca :bel pueblo de antes /cEduardo García Michel ; exordio Artagnán Pérez Méndez. aSanto Domingo, :bGrupo Diario Libre,c2018. a386 páginas :bilustraciones, retratos ;c24 cm. ardacontentbtexto2txt ardamediabsin mediación2n ardacarrierbvolumen2nc aInventariado, 2018/ YL1 aPèrez Mèndez, Artagnan,d1929-2017eexordio977104 aYL 2ddccLBS1 0010718DSaGRbGRcCTd2018-06-07iLF1l0oxxx G216mp47497-30r2020-06-25te. 3w2020-06-25yLFDSZNo se presta 0010718PDaPDbPDcCTd2018-06-07iLF1l0oxxx G216mp47497-10r2020-06-25w2020-06-25yLFPDZNo se presta 0010718PDaPDbPDcCTd2018-06-07iLF1l0oxxx G216mp47497-20r2020-06-25te. 2w2020-06-25yLFPDZNo se presta 00102ddc56708DSaBNPHUbBNPHUcCTd2025-01-22eDonado por la Presidencia de la República Dominicana 2023l0oBNPHU DS G216mp2025-0233r2025-01-22te.4w2025-01-22yLBS1 c46985d46985